Linking species & ecosystems (Record no. 598086)

MARC details
000 -LEADER
fixed length control field 00400nam a2200145Ia 4500
008 - FIXED-LENGTH DATA ELEMENTS--GENERAL INFORMATION
fixed length control field 100415s9999 xx 000 0 und d
082 ## - DEWEY DECIMAL CLASSIFICATION NUMBER
Item number 15188
Classification number 574.5
100 ## - MAIN ENTRY--PERSONAL NAME
Personal name Jones Clive G (ed.)
245 ## - TITLE STATEMENT
Title Linking species & ecosystems
260 ## - PUBLICATION, DISTRIBUTION, ETC. (IMPRINT)
Place of publication, distribution, etc LONDON
Date of publication, distribution, etc 1995
Name of publisher, distributor, etc CHAPMAN & HALL
365 ## - TRADE PRICE
Price amount 1698.5
630 ## - SUBJECT ADDED ENTRY--UNIFORM TITLE
Uniform title Linking species & ecosystems
730 ## - ADDED ENTRY--UNIFORM TITLE
Uniform title Linking species & ecosystems
942 ## - ADDED ENTRY ELEMENTS (KOHA)
Koha item type Book
Holdings
Withdrawn status Lost status Damaged status Not for loan Home library Current library Date acquired Cost, normal purchase price Total Checkouts Full call number Barcode Date last seen Price effective from Koha item type
        Bombay Natural History Society Bombay Natural History Society 11/28/1995 1698.50   574.5 15188 BNHS-15188 04/15/2010 04/15/2010 Book